Responses for show #4911 - Monday, January 9, 2006

Tom Kavanaugh game 8.

Contestants

Carolyn Proulx, a caregiver from Pawtucket, Rhode Island

Marty Miller, a pharmacist from Bridgeport, Pennsylvania

Tom Kavanaugh, a writer from St. Louis, Missouri (whose 7-day cash winnings total $138,602)

Jeopardy! Round responses

STATE CAPITALS
THE SPORT OF KINGS
2-T OR NOT 2-T
(Alex: Each correct response will be two words--the first word will have two "T"s in it. The second word will have only one "T".)
ASTROLOGY TIME
TAKING THE FIFTH
PLAYING DOCTOR
    $200 1
Boston

Marty
    $200 22
furlong

Marty
    $200 6
litter & liter

Triple Stumper
    $200 11
horoscope

Tom
    $200 12
(Alex: You got it. You're on the board, and we're going to take our first break right now.)
[Carolyn begins to call the next clue selection, then cringes when she and Alex interrupt each other.]
(Alex: You've got $200; be happy with that; you get to make the next selection when we come back after this.)

Michigan

Carolyn
    $200 13
hernia

Marty
    $400 2
Salt Lake City

Tom
    $400 23
Farm

Triple Stumper
    $400 7
latte & late

Tom
    $400 27
Aries

Marty
    $400 18
why

Marty
    $400 14
insulin

Carolyn
    $600 3
Sacramento

Tom
    $600 24
(Bill) Shoemaker

Marty
    $600 8
(Marty: What is cutty cutie?)

cutter & cuter

TomMarty
    $600 28
the summer solstice

Marty
    $600 19
Murray "The K"

Triple Stumper
    $600 15
rhinoplasty

Marty
    $800 4
(Alex: Alabama, yes.)

Montgomery

Tom
    $1,500 25
(Alex: [*], yes, indeed. Made a wonderful movie about that horse.)

Seabiscuit

Marty
    $800 9
fatted & fated

Marty
    $800 29
(Alex: Jesus is a [*].)

Capricorn

Triple Stumper
    $800 20
West Point

Carolyn
    $800 16
a uterus

Carolyn
    $1000 5
Indianapolis

Marty
    $1000 26
May

Marty
    $1000 10
matter & mater

Marty
    $1000 30
(Carolyn: What are stars?)

asteroids (or minor planets)

Carolyn
Triple Stumper
    $1000 21
the Fifth Republic

Tom
    $1000 17
scurvy

Carolyn

Scores at the first commercial break (after clue 12):

Tom Marty Carolyn
$3,000 $2,400 $200

Scores at the end of the Jeopardy! Round:

Tom Marty Carolyn
$4,000 $7,900 $2,200

Double Jeopardy! Round responses

EUROPEAN AUTHORS
THE 1840s
HOWDY, PILGRIM
BRING OUT YOUR DEAD
"CAR" TALK
PLAYING DOCTOR
    $400 1
(Tom: Who is Aphrodite?)

Venus

TomMarty
    $400 26
chewing gum

Marty
    $400 21
Lourdes

Carolyn
    $400 16
Agatha Christie

Marty
    $400 11
a carbine

Carolyn
    $400 2
Dr. Seuss

Marty
    $800 7
(Tom: Who is Tolstoy?)

Dostoyevsky

Tom
Triple Stumper
    $800 27
(Carolyn: What is war?)

communism

Carolyn
Triple Stumper
    $800 22
Holland

Carolyn
    $800 17
Richard Nixon

Marty
    $800 12
the carburetor

Marty
    $800 3
Dr. No

Marty
    $1200 8
the Spanish Civil War

Tom
    $1200 28
a penguin

Tom
    $1200 23
the World Series

Carolyn
    $1200 18
Hirohito

Tom
    $1200 13
to caramelize

Marty
    $1200 4
Hawkeye Pierce

Marty
    $1600 9
(Carolyn: Who is Hesse?)

G√ľnter Grass

Carolyn
Triple Stumper
    $1600 29
the Associated Press

Triple Stumper
    $2,900 24
(Carolyn: [Whispering] Oh my God, I know it.)
(Alex: Carolyn?)
(Carolyn: What is...)
(Alex: Say--)
(Carolyn: I can't!)

the Hajj

Carolyn
    $6,000 19
Christopher Marlowe

Tom
    $1600 14
caraway

Marty
    $1600 5
Dr. Strangelove

Tom
    $2000 10
Czechoslovakia

Triple Stumper
    $2000 30
(Carolyn: What are the Black Hills?)

the Mesabi Range

Carolyn
Triple Stumper
    $2000 25
William Bradford

Triple Stumper
    $2000 20
(Karl) Fabergé

Carolyn
    $2000 15
(Alex: Remember? She was in that rolled-up [*].)

carpet

Triple Stumper
    $2000 6
(Carolyn: Who is Kipling?)

Hugh Lofting

Carolyn
Triple Stumper

Scores at the end of the Double Jeopardy! Round:

Tom Marty Carolyn
$14,000 $15,900 -$2,300

[wagering suggestions for these scores]

Final Jeopardy! Round responses

BODIES OF WATER
(Alex: [After Marty's incorrect response is revealed] Let's take a look at your wager. $12,101. Uh-oh, $3,799. You finish in second place. Tom Kavanaugh, you're still Jeopardy! champ. Eight days... What a finish, and what a game. Thank you so much, and Carolyn also, who's seated over there. We'll see you tomorrow.)
TomWhat is the sea of me?
$10,000
MartyWhat is the Madagascar?
$12,101
the Arabian Sea

Final scores:

Tom Marty Carolyn
$4,000 $3,799 -$2,300
8-day champion: $142,602 2nd place: $2,000 3rd place: $1,000

Game dynamics:

Coryat scores:

Tom Marty Carolyn
$9,600 $15,200 $600
12 R
(including 1 DD),
2 W
23 R
(including 1 DD),
1 W
10 R,
6 W
(including 1 DD)

Combined Coryat: $25,400

The J! Archive is created by fans, for fans. The Jeopardy! game show and all elements thereof, including but not limited to copyright and trademark thereto, are the property of Jeopardy Productions, Inc. and are protected under law. This website is not affiliated with, sponsored by, or operated by Jeopardy Productions, Inc. Join the discussion at JBoard.tv.